Pokémon 2G (dans l'ordre) - Statistiques

Statistiques générales
  • Ce quiz a été pris 24 fois
  • Le résultat moyen est 68 sur 100
Statistiques - réponses
ID
Pokémon % Correct
152 Germignon
100%
153 Macronium
100%
154 Méganium
100%
160 Aligatueur
89%
189 Cotovol
89%
165 Coxy
89%
166 Coxyclaque
89%
159 Crocrodil
89%
156 Feurisson
89%
188 Floravol
89%
162 Fouinar
89%
161 Fouinette
89%
187 Granivol
89%
155 Héricendre
89%
163 Hoothoot
89%
158 Kaiminus
89%
180 Lainergie
89%
168 Migalos
89%
167 Mimigal
89%
164 Noarfang
89%
169 Nostenfer
89%
181 Pharamp
89%
157 Typhlosion
89%
179 Wattouat
89%
194 Axoloto
78%
184 Azumarill
78%
182 Joliflor
78%
171 Lanturn
78%
170 Loupio
78%
195 Maraiste
78%
183 Marill
78%
172 Pichu
78%
185 Simularbre
78%
175 Togepi
78%
176 Togetic
78%
193 Yanma
78%
190 Capumain
67%
251 Celebi
67%
198 Cornèbre
67%
241 Ecrèmeuh
67%
246 Embrylex
67%
244 Entei
67%
200 Feuforêve
67%
205 Foretress
67%
203 Girafarig
67%
192 Héliatronc
67%
250 Ho-Oh
67%
206 Insolourdo
67%
242 Leuphorie
67%
249 Lugia
67%
173 Mélo
67%
196 Mentali
67%
177 Natu
67%
197 Noctali
67%
204 Pomdepik
67%
202 Qulbutoké
67%
243 Raikou
67%
199 Roigada
67%
245 Suicune
67%
186 Tarpaud
67%
174 Toudoudou
67%
191 Tournegrin
67%
248 Tyranocif
67%
178 Xatu
67%
247 Ymphect
67%
201 Zarbi
67%
213 Caratroc
56%
212 Cizayox
56%
239 Elekid
56%
215 Farfuret
56%
210 Granbull
56%
218 Limagma
56%
238 Lippouti
56%
240 Magby
56%
233 Porygon2
56%
235 Queulorior
56%
211 Qwilfish
56%
214 Scarhino
56%
207 Scorplane
56%
209 Snubbull
56%
208 Steelix
56%
216 Teddiursa
56%
217 Ursaring
56%
219 Volcaropod
56%
227 Airmure
44%
225 Cadoizo
44%
234 Cerfrousse
44%
221 Cochignon
44%
222 Corayon
44%
236 Debugant
44%
226 Démanta
44%
229 Démolosse
44%
232 Donphan
44%
230 Hyporoi
44%
237 Kapoera
44%
228 Malosse
44%
220 Marcacrin
44%
224 Octillery
44%
231 Phanpy
44%
223 Rémoraid
44%
Aucun quiz correspondant
Distribution des résultats
% des personnes avec chaque résultat
Percentile par nombre de réponses
Votre historique - résultats
Vous n’avez pas pris ce quiz